000 00518nam a2200181Ia 4500
008 220216s9999 xx 000 0 und d
100 _aLee S J
245 0 _aDetection of genetic diversity using RAPD-PCR and sugar analysis in watermelon [Citrullus lanantus(Thunb.) Mansf] germplasm
260 _bTheoretical and Applied Genetics
_c1996
300 _a719-725
650 _aHPLC
650 _aRAPD-PCR
650 _aWatermelon
700 _aHong Y P
700 _aPark K W
700 _aShin J S
942 _cJS
999 _c56858
_d56858